000 00610nam a2200253Ia 4500
003 0100
008 130303s9999 xx 000 0 und d
020 _a999087624X
040 _cARRUPELIB
050 _aRA643.86.A35H17
100 _aHam, Frank
245 _aAids in Africa
245 _bhow did it ever happen
260 _aZomba
260 _bKachere Series
260 _C2004
300 _a229p.
300 _b 21cm
440 _aKachere Series no. 19
650 _bArt--Italy
650 _cArchtecture--Italy
650 _dItaly--Description and travel--Guide-books
942 _2lcc
_04
999 _c58587
_d58587